ACTA HISTORICA UNIVERSITATIS SZEGEDIENSIS.

Bibliographic Details
Main Author: M (Author)
Format: Article
Language:Slovak

MARC

LEADER 00000nab a2200000uu 4500
001 vtls010889820
003 SK-MaSNL
005 20260303110009.0
008 230121|1989 xo |||||||||||||||||slo|
015 |a SNBRB 
035 |a (urnnbn)urn:nbn:sk:snk:ar-004tgv 
035 |a (uuid)795dde77-63a8-42ef-9422-f891d4969601 
035 |a urn:nbn:sk:snk-ab8jzw 
040 |a SNKBUCL  |b slo  |c SNKBUCL  |e AACR2 
041 0 |a slo 
044 |a xo  |c SK 
100 1 |a M  |4 aut  |9 859904 
245 1 0 |a ACTA HISTORICA UNIVERSITATIS SZEGEDIENSIS.  |c M 
773 0 |t Historický časopis  |g Roč. 37, č. 1 (1989), s. 177-178 
954 |a odborná, vedecká literatúra pôvodná (slovenská)  |2 lita 
958 |a OND 
958 |a EUIPO 
958 |a article10 
999 |c 1867251  |d 1869181